000 01144nam a2200277 i 4500
001 163460
003 ES-MaACL
005 20240208163317.0
008 931025s1893 sp |||| | spa d
040 _bspa
_cPAB
100 1 _aRibera, Julián (
_d1858-1934)
_996779
245 1 0 _aDiscurso leído en la Universidad de Zaragoza en la solemne apertura del curso académico de 1893 a 1894 /
_cpor Julián Ribera.
260 _aZaragoza :
_b[s.n.],
_c1893 (
_fImpr. de Calixto Ariño)
300 _a99, X p. ;
_c27 cm.
500 _aPalau 267071.
505 8 _aIncluye un texto en árabe
530 _aDisponible en formato digital.
594 1 _aTít. de cub.: La enseñanza entre los musulmanes españoles.
650 4 _aEnseñanza-
_zEspaña-
_vHistoria.
_912285
650 4 _aEnseñanza-
_zAl-Andalus.
_9160963
710 2 1 _aUniversidad de Zaragoza
_97352
852 _aES-MaACL
_jG-9952
_z-- Enc. tela
852 _aES-MaACL
_jT-659-F-9
_z-- Enc. hol. conservando la original
_z-- Enc. en un vol. facticio
856 _uhttp://bdh-rd.bne.es/viewer.vm?id=0000057638&page=1
_zBiblioteca Digital Hispánica
999 _c163460
_d163460